banner-ar

التحليل الاقتصادى الكلى (الاقتصاد الكلى) / (Record no. 42553)

MARC details
000 -الفاتح
حقل البيانات ثابتة الطول 00473nam a2200169Ia 4500
008 - عناصر البيانات ثابتة الطول - معلومات عامة
حقل البيانات ثابتة الطول 140319s9999 xx 000 0 ara d
040 ## - مصدر الفهرسة
وكالة الفهرسة الأصلية GCL /
وكالة النسخ GCL
082 04 - رقم تصنيف ديوى العشرى
رقم التصنيف 30.15
رقم المادة ع ت
100 1# - المدخل الرئيسى - إسم شخصى
الإسم الشخصى عمر صخرى
245 10 - بيان العنوان
العنوان التحليل الاقتصادى الكلى (الاقتصاد الكلى) /
بيان المسئوليه,etc عمر صخرى
300 ## - الوصف المادى
التعداد 298
490 ## - بيان السلسلة
عنوان السلسلة كتاب
رقم المجلد/ التعيين التسلسلي 0
650 04 - المدخل الاضافى بالموضوع-مصطلح موضوعى
مصطلح موضوعي الاقتصاد الكلى
650 04 - المدخل الاضافى بالموضوع-مصطلح موضوعى
مصطلح موضوعي الاقتصاد
942 ## - عناصر المدخل الإضافي( كوها)
مصدر التصنيف او مخطط الترفيف Dewey Decimal Classification
Koha [default] item type كتاب
Holdings
حالة التراجع حالة الفقد حالة تلف ليس للاعارة المكان المؤقت الموقع الحالى تاريخ الاكتساب اجمالي اﻻعارات رقم الطلب الباركود تاريخ اخر مشاهدة تاريخ تفعيل السعر نوع وعاء كوها
        مكتبة القاهرة الكبرى مكتبة القاهرة الكبرى 03/26/2014   30.15\ع ت 102847 03/26/2014 03/26/2014 كتاب
        مكتبة القاهرة الكبرى مكتبة القاهرة الكبرى 03/26/2014   30.15\ع ت 102848 03/26/2014 03/26/2014 كتاب
        مكتبة القاهرة الكبرى مكتبة القاهرة الكبرى 03/26/2014   30.15\ع ت 102849 03/26/2014 03/26/2014 كتاب

Powered By

EGPV